The Most Popular Sports in the World - Statistics

General Stats
  • This quiz has been taken 575 times
  • The average score is 5 of 8
Answer Stats
Estimate Number of Fans Answer % Correct
3.5 Billion Soccer
100%
2.5 Billion Cricket
82%
500 Million Baseball
78%
1 Billion Tennis
72%
2 Billion Hockey
60%
450 Million Golf
50%
900 Million Volleyball
41%
850 Million Table Tennis
29%
No matching quizzes found
Score Distribution
Percent of People with Each Score
Percentile by Number Answered
Your Score History
You have not taken this quiz